Alejandro Galindo. (Record no. 1468)
[ view plain ]
| 000 -CABECERA | |
|---|---|
| campo de control de longitud fija | 00821ngm a2200205 a 4500 |
| 005 - FECHA Y HORA DE LA ÚLTIMA TRANSACCIÓN | |
| campo de control | 20210219145824.0 |
| 008 - ELEMENTOS DE LONGITUD FIJA--INFORMACIÓN GENERAL | |
| campo de control de longitud fija | 991125s1980 mx 030 d daspa u |
| 035 ## - NÚMERO DE CONTROL DEL SISTEMA | |
| Número de control de sistema | UPN01000001468 |
| 049 ## - COLECCIÓN | |
| Colección | AV |
| 050 #4 - SIGNATURA TOPOGRÁFICA DE LA BIBLIOTECA DEL CONGRESO | |
| Número de clasificación | PVI C 0615 |
| 245 00 - MENCIÓN DE TÍTULO | |
| Título | Alejandro Galindo. |
| 260 ## - PUBLICACIÓN, DISTRIBUCIÓN, ETC. | |
| Lugar de publicación, distribución, etc. | México : |
| Nombre del editor, distribuidor, etc. | CNCA : |
| -- | SEP, Televisión Eduativa, |
| Fecha de publicación, distribución, etc. | [198-]. |
| 300 ## - DESCRIPCIÓN FÍSICA | |
| Extensión | 1 videocasete (VHS) (30 min.) : |
| Otras características físicas | son., col. |
| 440 #4 - MENCIÓN DE SERIE/ASIENTO SECUNDARIO--TÍTULO | |
| Título | Los nuestros ; |
| Designación de volumen o secuencia | 8 |
| 520 ## - NOTA DE RESUMEN, ETC. | |
| Sumario, etc. | Alejandro Galindo, mexicano dedicado por espacio de más de cincuenta años al ejercicio permanente de la actividad cinematográfica, sea como escritor, como realizador o líder sindical |
| 500 ## - NOTA GENERAL | |
| Nota general | Realización: Alejandro Pelayo |
| 501 ## - NOTA DE "CON" | |
| Nota de “Con” | Con: Luis Cardoza y Aragón -- Hugo Velázquez -- Héctor Mendoza |
| 600 14 - ASIENTO SECUNDARIO DE MATERIA - NOMBRE PERSONAL | |
| Nombre de persona | GALINDO, ALEJANDRO, |
| Fechas asociadas al nombre | 1906-1999 |
| 905 ## - TIPO DE MATERIAL | |
| Tipo de material | Audiovisuales |
| Estado de retiro | Estado de pérdida | Fuente del sistema de clasificación o colocación | Estado dañado | No para préstamo | Código de colección | Localización permanente | Ubicación/localización actual | Ubicación en estantería | Total de préstamos | Clasificación | Código de barras | Fecha visto por última vez | Número de copia | Tipo de ítem Koha |
|---|---|---|---|---|---|---|---|---|---|---|---|---|---|---|
| Library of Congress Classification | Audiovisuales | Bib. Gregorio Torres Quintero | Bib. Gregorio Torres Quintero | Audiovisual | PVI C 0615 | 0615PVI | 31/12/2020 | 1 | Videocasete |
